00761nam a22001817a 4500003000900000005001700009007000300026008004100029040002600070245019500096260006100291300003000352500006800382700003800450700002900488700003100517700003100548DO-SdBNP20211014154745.0ta211011b2017 dr a|||| |||| 00| 0 spa d aDO-SdBNPbspacBNPHU 00aRecetas nutritivas : ba base de vegetales producidos en huertos urbanos /cPMA, María Altagracia Fulcar Fulcar, Lucila Ramón Lorenzo, María Antonia Reynoso, Ambar Beard Rodríguez. aSanto Domingo : bPrograma Mundial de Alimentos, c2017. a28 p. : bil. ; c23 cm.  aAlimentarnos bien contribuye a mejorar nuestra calidad de vida.1 aFulcar Fulcar, María Altagracia1 aLorenzo, Lucila Ramón 1 aReynoso, María Antonia 1 aBeard Rodríguez, Ambar